000 00337nam a2200133Ia 4500
008 190722s9999 xx 000 0 und d
020 _a978-81-317-7434-2
100 _aA.C.Fernando
245 0 _aBusiness Ethics an Indian Perspective
250 _a2rd
260 _aNew Delhi
_bDorling kindersley
_c2014
300 _a549
942 _cBK
999 _c989
_d989